| 000 | 00853nam a22002295i 4500 | ||
|---|---|---|---|
| 001 | 53627 | ||
| 003 | ES-MaACL | ||
| 005 | 20260519142550.0 | ||
| 007 | t| | ||
| 008 | 960529s1884 fr ||||1| fre d | ||
| 040 |
_aCLM _bspa _cCCPB | SIC |
||
| 100 | 0 |
_aFelipe _bII, _cRey de España _949175 |
|
| 245 | 1 | 0 |
_aLettres de Philippe II a ses filles les Infantes Isabelle et Catherine _b: écrites pendant son voyage en Portugal (1581-1583) / _cpubliées... par M. Gachard. |
| 260 |
_aParis : _bLibrairie Plon, E. Plon, Nourrit et Cie, Imprimeurs-éditeurs..., _c1884. |
||
| 300 |
_a232 p. ; _c25 cm. |
||
| 500 | _aIndice de materias. | ||
| 600 | 0 | 4 |
_aFelipe _bII, _cRey de España- _vCorrespondencia _949177 |
| 700 | 1 |
_aGachard, Louis Prosper, _d1800-1885 _953175 |
|
| 852 |
_aES-MaACL _jC-2380 |
||
| 852 |
_aES-MaACL _jC-855 |
||
| 999 |
_c53627 _d53627 |
||